000 01206nam a2200229Ia 4500
001 L922-41637
003 IT-CnALBA
008 170116s9999||||xx |||||||||||||| ||und||
040 _aIT-CnALBA
_cIT-CnALBA
041 _aITALIANO
100 _aPORTALUPPI D. ANGELO, PREVOSTO.
245 0 _aDON LUIGI TALAMONI.
250 _a1a ed.
260 _aMILANO
_bMISERICORDINE CONGR. SUORE
_c1941 [1° Ed.:1941 - Ed.Ling.Originale: 1941]
300 _a245 p.
500 _aORATORIO. SCUOLA DELL'ESPERIENZA. MAESTRO. EVANGELIZZAZIONE. NEL MINISTERO DELLA RICONCILIAZIONE. ASSISTENZA AGLI INFERMI. NASCITA. FAMIGLIA RELIGIOSA. A SERVIZIO DI TUTTI. VITA DI PREGHIERA. VISITE AI CARCERATI. DEVOZIONE AL PAPA. SCRITTORE. BEATO TRANSI
501 _aSocietà San Paolo EM - Piazza San Paolo, 14 - 12051 ALBA (CN) (non commercial uses only) ® Copyright 2017
520 _aORATORIO. SCUOLA DELL'ESPERIENZA. MAESTRO. EVANGELIZZAZIONE. NEL MINISTERO DELLA RICONCILIAZIONE. ASSISTENZA AGLI INFERMI. NASCITA. FAMIGLIA RELIGIOSA. A SERVIZIO DI TUTTI. VITA DI PREGHIERA. VISITE AI CARCERATI. DEVOZIONE AL PAPA. SCRITTORE. BEATO TRANSI
650 _aBIOGRAFIE, UOMINI ILLUSTRI
942 _cBK
957 _71
999 _a46866
_bSI
_g Copie: 1
_c300605
_d300605